La historia del Estado Argentino como gestor de crisis empresarias. El caso "Vicentin SA s/concurso preventivo"
Guardado en:
| Autor principal: | |
|---|---|
| Formato: | Desconocido |
| Aporte de: | Registro referencial: Solicitar el recurso aquí |
| LEADER | 00399 a2200109 4500 | ||
|---|---|---|---|
| 001 | ART_51133 | ||
| 005 | 20260410161810.0 | ||
| 008 | 260409a | ||
| 245 | 1 | 0 | |a La historia del Estado Argentino como gestor de crisis empresarias. El caso "Vicentin SA s/concurso preventivo" |
| 100 | 1 | |a Dasso, Ariel G. | |
| 773 | 0 | |t Doctrina Societaria y Concursal |g - N° 392 (jul. 2020) |w REV4298 | |
| 999 | |c 21373 |d 21373 | ||